Vývoj životného poistenia v Slovenskej republike ako súčasť dôchodkového zabezpečenia diplomová práca

Saved in:
Bibliographic Details
Main Author: Čačko, Jaroslav
Corporate Author: Podnikovohospodárska fakulta EU so sídlom v Košiciach. Katedra ekonómie
Other Authors: Kafková, Eva
Format: Book
Language:Slovak
Published: Košice 2014
Tags: Add Tag
No Tags, Be the first to tag this record!

MARC

LEADER 00000nbm a2200000 4500
001 0187242
005 20240827093336.4
041 0 |a slo 
044 |a SK 
245 1 0 |a Vývoj životného poistenia v Slovenskej republike ako súčasť dôchodkového zabezpečenia  |b diplomová práca  |c Jaroslav Čačko ; školiteľ: Eva Kafková 
264 1 |a Košice  |c 2014 
300 |a 61 s. 
100 1 |a Čačko, Jaroslav 
700 1 |a Kafková, Eva 
710 2 |a Podnikovohospodárska fakulta EU so sídlom v Košiciach. Katedra ekonómie